Doubled Things Quiz Stats

 Plays Quiz Updated Aug 7, 2018

Support Sporcle.
Go Orange.
Score 0/40 Timer 07:00
0 Plays Today
Hint Answer % Correct
Cheerleader's fluffy ballsPom Pom
90.6%
Perfect vision20 20
88.4%
Ballet outfitTutu
86.5%
Comes before 'Who's there?' in a jokeKnock Knock
85.2%
Dorothy's canine companionToto
84.3%
Flashy jewelry and gold chainsbling bling
80.4%
Extinct flightless birdDodo
79.8%
English nursery rhyme starter with a little starTwinkle Twinkle
78.4%
Child's plaything on a stringYo-Yo
77.7%
Barney and Betty Rubble's sonBamm-Bamm
77.1%
A trademarked name for mini golfPutt Putt
75.6%
Road Runner's cryBeep! Beep!
74.5%
Yogi Bear's best friendBoo Boo
71.2%
The pumpkin eaterPeter Peter
60.6%
'Hungry Like The Wolf' singersDuran Duran
54.7%
N.Y. Correctional FacilitySing Sing
52.1%
Chocolate candy of French originbonbon
42.4%
Large African flyTsetse
40.4%
Costumed Dance from FranceCancan
39.2%
Abnormal heart soundmurmur
36.3%
Hint Answer % Correct
Themed casino in Las VegasCircus Circus
35.9%
Chinese/Japanese Giant Panda who died in 2008Ling Ling
35.8%
How Mork from Ork says helloNa-nu Na-nu
35.4%
Golfer Rodriguez from Puerto RicoChi-Chi
30.4%
RFK's assassinSirhan Sirhan
28.2%
1960's Mama and the Papas hitMonday, Monday
26.6%
Fluffy dog of Mongolian originChow Chow
26.3%
Loose Hawaiian dressMuumuu
23.2%
Singer with hits 'To Sir, With Love' and 'Shout'Lulu
23.2%
Regular form of cheering in the House of CommonsHear Hear
20.3%
Island in French PolynesiaBora Bora
20.1%
Early 20th century art movement started in ZurichDada
19.9%
Steamed semolina dishcouscous
18.7%
Another name for the dorado fishMahi Mahi
17.1%
Black Forest spa town in GermanyBaden-Baden
14.2%
Sweet onion hailing from Washington StateWalla Walla
11.2%
Nervous system ailment caused by lack of vitamin BBeriberi
9.6%
1950's Kenyan uprising against British RuleMau Mau
8.5%
Sunken fenceha-ha
5.7%
British Rock group with song of the same nameTalk Talk
2.1%

You're not logged in!

Compare scores with friends on all Sporcle quizzes.
OR
Log In

From the Vault

Commanding Beatles Titles

by chair

You better listen to these songs, and that's an order!
Remove Ads.
Support Sporcle.
Get the best of Sporcle when you Go Orange. This ad-free experience offers more features, more stats, and more fun while also helping to support Sporcle. Thank you for becoming a member.

Show Comments

Extras

Top Quizzes Today


Score Distribution

Your Account Isn't Verified!

In order to create a playlist on Sporcle, you need to verify the email address you used during registration. Go to your Sporcle Settings to finish the process.

Report this User

Report this user for behavior that violates our Community Guidelines.

Details: